000 004400000a22001810004500
003 MACL
005 20150729170215.0
008 150729b xxu||||| |||| 00| 0 eng d
040 _aMACL
_cMACL
041 _aEnglish
082 _a333.73/BIL
100 _aBilgrami, K. S.
_93340
245 _aGanga
_bThe Living
260 _bNarendra Publishing House
_c1991
_aDelhi
350 _a375
650 _aEconomics
_93341
942 _cBK
_k333.7
_2ddc
999 _c2995
_d2995